Влияние реципркного скрещивания на откормочные и мясные качества свиней; Инновационные технологии и экономика в машиностроении

Dades bibliogràfiques
Parent link:Инновационные технологии и экономика в машиностроении.— 2015.— [С. 489-491]
Autor principal: Барков Д. А. Даниил Андреевич
Autor corporatiu: Национальный исследовательский Томский политехнический университет (ТПУ) Юргинский технологический институт (филиал) (ЮТИ) Кафедра агроинженерии (АИ)
Altres autors: Демидкин А. А.
Sumari:Заглавие с титульного экрана
Idioma:rus
Publicat: 2015
Col·lecció:Передовые технологии и техника для агропромышленного комплекса (АПК) и разработки недр
Matèries:
Accés en línia:http://earchive.tpu.ru/handle/11683/19784
http://www.lib.tpu.ru/fulltext/c/2015/C30/120.pdf
Format: MixedMaterials Electrònic Capítol de llibre
KOHA link:https://koha.lib.tpu.ru/cgi-bin/koha/opac-detail.pl?biblionumber=613024

MARC

LEADER 00000naa2a2200000 4500
001 613024
005 20231102023410.0
035 |a (RuTPU)RU\TPU\conf\11155 
035 |a RU\TPU\conf\11154 
090 |a 613024 
100 |a 20150703d2015 k y0rusy50 ca 
101 0 |a rus 
102 |a RU 
105 |a y z 101zy 
135 |a drcn ---uucaa 
181 0 |a i  
182 0 |a b 
200 1 |a Влияние реципркного скрещивания на откормочные и мясные качества свиней  |f Д. А. Барков, А. А. Демидкин 
203 |a Текст  |c электронный 
225 1 |a Передовые технологии и техника для агропромышленного комплекса (АПК) и разработки недр 
230 |a 1 компьютерный файл (pdf; 294 Кb) 
300 |a Заглавие с титульного экрана 
320 |a [Библиогр.: с. 491 (9 назв.)] 
337 |a Adobe Reader 
463 0 |0 (RuTPU)RU\TPU\conf\10375  |t Инновационные технологии и экономика в машиностроении  |o сборник трудов VI Международной научно-практической конференции, 21-23 мая 2015 г., Юрга  |f Национальный исследовательский Томский политехнический университет (ТПУ), Юргинский технологический институт (ЮТИ) ; под ред. Д. А. Чинахова  |v [С. 489-491]  |d 2015 
610 1 |a труды учёных ТПУ 
610 1 |a электронный ресурс 
610 1 |a сельское хозяйство 
610 1 |a оценка качества 
610 1 |a свиноводство 
610 1 |a животноводство 
610 1 |a материально-технические ресурсы 
610 1 |a гибридизация 
700 1 |a Барков  |b Д. А.  |c специалист в области агроинженерии  |c доцент Юргинского технологического института (филиала) Томского политехнического университета, кандидат сельскохозяйственных наук  |f 1982-  |g Даниил Андреевич  |2 stltpush  |3 (RuTPU)RU\TPU\pers\32383  |9 16336 
701 1 |a Демидкин  |b А. А. 
712 0 2 |a Национальный исследовательский Томский политехнический университет (ТПУ)  |b Юргинский технологический институт (филиал) (ЮТИ)  |b Кафедра агроинженерии (АИ)  |h 1490  |2 stltpush  |3 (RuTPU)RU\TPU\col\19136 
801 2 |a RU  |b 63413507  |c 20210205  |g RCR 
856 4 |u http://earchive.tpu.ru/handle/11683/19784 
856 4 |u http://www.lib.tpu.ru/fulltext/c/2015/C30/120.pdf 
942 |c BK